LEADER 01807nam 2200433 450 001 9910466181703321 005 20200122071616.0 010 $a2-335-16831-2 035 $a(CKB)3710000000853755 035 $a(EBL)4679051 035 $a(MiAaPQ)EBC4679051 035 $a(Au-PeEL)EBL4679051 035 $a(CaPaEBR)ebr11265855 035 $a(OCoLC)958574075 035 $a(EXLCZ)993710000000853755 100 $a20200122d2015 uy 0 101 0 $afre 135 $aur|n|---||||| 181 $ctxt$2rdacontent 182 $cc$2rdamedia 183 $acr$2rdacarrier 200 10$aVoyages et de?couvertes outre-mer au XIXe sie?cle /$fArthur Mangin 210 1$a[Place of publication not identified] :$cLigaran,$d[2015] 210 4$dİ2015 215 $a1 online resource (196 p.) 300 $aDescription based upon print version of record. 327 $aVoyage du capitaine Back a? la recherche de John RossVoyages d'E?douard Parry; Premier voyage de John Franklin; Voyages simultane?s de Franklin et de Beechey; Dernie?re expe?dition de Sir John Franklin et recherches qui ont suivi; Voyage du docteur El. -K. Kane de la marine des E?tats-Unis envoye? a? la recherche de sir John Franklin; Voyage du commandant Mac-Clure envoye? a? la recherche de sir John Franklin; Voyage du capitaine Mac-Clintock a? la recherche de sir John Franklin et de ses compagnons; Page de Copyright 606 $aScientific expeditions 608 $aElectronic books. 615 0$aScientific expeditions. 676 $a508.98 700 $aMangin$b Arthur$f1824-1887,$0485172 801 0$bMiAaPQ 801 1$bMiAaPQ 801 2$bMiAaPQ 906 $aBOOK 912 $a9910466181703321 996 $aVoyages et de?couvertes outre-mer au XIXe sie?cle$92203398 997 $aUNINA LEADER 01761nam 2200541 450 001 9910795816903321 005 20200520144314.0 010 0 $a9781119216568 010 0 $a1119216567 035 $a(MiAaPQ)EBC7104480 035 $a(CKB)24989484900041 035 $a(MiAaPQ)EBC4305739 035 $a(Au-PeEL)EBL4305739 035 $a(CaPaEBR)ebr11137223 035 $a(CaONFJC)MIL884672 035 $a(OCoLC)935254582 035 $a(EXLCZ)9924989484900041 100 $a20160115h20162016 uy 0 101 0 $aeng 135 $aur||||||||||| 181 $2rdacontent 182 $2rdamedia 183 $2rdacarrier 200 10$aKitchen & bathroom planning guidelines with access standards /$fNational Kitchen & Bath Association 210 1$aHoboken, New Jersey :$cWiley,$d2016. 210 4$d2016 215 $a1 online resource (184 pages) $cillustrations (some color) 517 3 $aKitchen and bathroom planning guidelines with access standards 517 3 $aNKBA kitchen & bathroom planning guidelines with access standards 606 $aBathrooms$vDesigns and plans 606 $aBathrooms$xDesign and construction 606 $aBathrooms$xStandards 606 $aKitchens$vDesigns and plans 606 $aKitchens$xDesign and construction 606 $aKitchens$xStandards 615 0$aBathrooms 615 0$aBathrooms$xDesign and construction. 615 0$aBathrooms$xStandards. 615 0$aKitchens 615 0$aKitchens$xDesign and construction. 615 0$aKitchens$xStandards. 676 $a690/.42 801 0$bMiAaPQ 801 1$bMiAaPQ 801 2$bMiAaPQ 912 $a9910795816903321 996 $aKitchen & bathroom planning guidelines with access standards$93793800 997 $aUNINA